Word Ladder: Lofty Theme Ladder Quiz Stats

 Plays Quiz Updated Jan 26, 2013

Support Sporcle.
Go Orange.
Score 0/27 Timer 03:00
0 Plays Today
Hint Word % Correct
A black birdCROW
94%
Become fatiguedTIRE
88.6%
✈ LUNCH HOUR ✈✈ NOON ✈
87.7%
Poultry palaceCOOP
86.1%
Rider's whipCROP
85.7%
Masked mammal, informallyCOON
83.9%
QueueLINE
80.2%
✈ LAUNDRY SOAP BRAND ✈ ✈ TIDE ✈
79.6%
Ripped, like a used ticketTORN
78%
Sped hastilyTORE
77.1%
ProngTINE
76.6%
✈ THE FIFTH DIMENSION? ✈✈ TIME ✈
76.4%
✈ THREE ____ ISLAND ✈✈ MILE ✈
74.3%
✈ BEHAVE LIKE DOUGH ✈✈ RISE ✈
74%
Hint Word % Correct
Genie's boonWISH
72.8%
Marcel Marceau, e.g.MIME
72.2%
✈ VITALITY ✈✈ LIFE ✈
72%
Norse goddess of fateNORN
70.1%
AlongsideWITH
69.1%
SagaciousWISE
66.6%
Vader, Maul, or Sidious, e.g.SITH
63.3%
Abounding inRIFE
61.7%
To wait forBIDE
59.7%
✈ PLUCKED PLACE ✈✈ BROW ✈
56.4%
GallBILE
56.4%
Wistful utteranceSIGH
50.3%
✈ COMMON BOND ✈✈ HIGH ✈
39.9%

Today's Daily Dose

You're not logged in!

Compare scores with friends on all Sporcle quizzes.
OR
Log In
Forgot?

From the Vault

Anatomy 7-to-1

by samc67

We hope you find this pun humerus.
Remove Ads.
Support Sporcle.
Get the best of Sporcle when you Go Orange. This ad-free experience offers more features, more stats, and more fun while also helping to support Sporcle. Thank you for becoming a member.

Show Comments

Extras

Top Quizzes Today


Score Distribution

Your Account Isn't Verified!

In order to create a playlist on Sporcle, you need to verify the email address you used during registration. Go to your Sporcle Settings to finish the process.

Report this User

Report this user for behavior that violates our Community Guidelines.

Details: